Emocionálne pôsobenie značky

Budovanie značiek ako úsilie diferencovať produkt od ostatnej ponuky. Zámer značkovej politiky - vytvoriť značkou jedinečné predajné posolstvo. Značka ako prostriedok na vyjadrenie "ega". Mágia značky pozostávajúca z imidžu a vzťahov značky. Vizuálne metafory využívané v značkách.

Guardado en:
Detalles Bibliográficos
Autor principal: Lesáková, Dagmar, 1949-
Formato: Capítulo de libro
Lenguaje:eslovaco
Materias:
Etiquetas: Agregar Etiqueta
Sin Etiquetas, Sea el primero en etiquetar este registro!

MARC

LEADER 00000naa$a2200000$$$4500
001 0027265
005 20240502071428.3
041 0 |a slo 
044 |a SK 
245 1 0 |a Emocionálne pôsobenie značky  |c Dagmar Lesáková 
520 |a Budovanie značiek ako úsilie diferencovať produkt od ostatnej ponuky. Zámer značkovej politiky - vytvoriť značkou jedinečné predajné posolstvo. Značka ako prostriedok na vyjadrenie "ega". Mágia značky pozostávajúca z imidžu a vzťahov značky. Vizuálne metafory využívané v značkách. 
610 2 0 |a produkty 
610 2 0 |a značky výrobkov 
610 2 0 |a značky kvality 
610 2 0 |a marketing 
610 2 0 |a obchod 
610 2 0 |a zákazníci 
610 2 0 |a imidž 
100 1 |a Lesáková, Dagmar, 1949-